| 000 | 00967cam a22002651 4500 | ||
|---|---|---|---|
| 001 | af 47003802 | ||
| 003 | DLC | ||
| 005 | 20260227110822.0 | ||
| 008 | 790621s1940 be af b 000 0 fre c | ||
| 010 | _aaf 47003802 | ||
| 035 | _a(OCoLC)5089306 | ||
| 040 |
_aJohn Crerar Library _cTxCM _dOCoLC _dDLC |
||
| 042 | _apremarc | ||
| 050 | 0 | 0 |
_aQH3 _b.B852 fasc. 18 |
| 082 | _a595.764 | ||
| 100 | 1 | _aJanssens, André. | |
| 245 | 0 | 0 |
_aMonographie des Gymnopleurides (Coleoptera Lamellicornia) _cpar André Janssens ... |
| 260 |
_aBruxelles, _bMusée royal d'histoire naturelle de Belgique, _c1940. |
||
| 300 |
_a73, [1] p. _billus., II pl. _c33 cm. |
||
| 490 | 0 |
_aMémoires du Musée royal d'histoire naturelle de Belgique. 2. ser., _vfasc. 18 |
|
| 500 | _aImprint and series title also in Flemish. | ||
| 500 | _aEach plate accompanied by leaf with descriptive letterpress not included in paging. | ||
| 504 | _aBibliographical foot-notes. | ||
| 650 | 0 | _aGymnopleurus. | |
| 999 |
_c2342 _d2342 |
||